000 01132nam a2200337 i 4500
001 000017614
003 DO-SdBNP
005 20250409122710.0
007 ta
008 100329s1979 dr ac 000 0 spa d
040 _aDO-SdBNP
_bspa
_cBNPHU
_erda
049 _aBNPD
082 4 _a616.31
_bV476m
_222
100 1 _aHolguín-Veras Tabar, Oscar,
_937844
_eautor
245 1 0 _aManual de microbiología bucal /
_cOscar Holguín-Veras Tabar.
264 _aSan Pedro de Macorís, Republica Dominicana :
_bUCE,
_c197779.
300 _a138 páginas :
_bretratos ;
_c23 cm.
336 _2rdacontent
_atexto
_btxt
337 _2rdamedia
_asin mediación
_bn
338 _2rdacarrier
_avolumen
_bnc
490 _aTextos
_v1
500 _aIncluye datos biografícos del autor en la contracubierta
504 _aBibliografía : p. 133-136
590 _aInventariado, 2023/BT
650 4 _aBacteriología de la boca
_937848
650 4 _aEnfermedades de la boca
_xProblemas, ejercicios, etc.
_938409
650 4 _aBoca
_xEnfermedades
_938410
710 1 _aUniversidad Central del Este
_937229
910 _aBtavárez
942 _2ddc
_cLBS1
999 _c17139
_d17139